La réponse est Mar... - Statistiques

Statistiques générales
  • Ce quiz a été pris 2 060 fois
    1 712 depuis la dernière actualisation
  • Le résultat moyen est 12 sur 18
Statistiques - réponses
Indice Réponse % Correct
Jeu enfantin populaire dans les cours de récréation où les joueurs parcourent les cases à cloche-pied La marelle
93%
Célèbre plombier amateur de champignons Mario
93%
Société à l'origine de personnages comme Spiderman ou Hulk Marvel
92%
Outil percuteur fixé par un manche Le marteau
91%
En France, c'est le titre le plus haut de la hiérarchie militaire Maréchal
87%
Ville où se trouve "la Bonne Mère" Marseille
83%
Nom du footballeur argentin surnommé "El pibe de oro" Diego Maradona
82%
Région insulaire française où se trouve Fort-de-France La Martinique
81%
Animal jaune créé par Franquin, vivant en Palombie Le Marsupilami
80%
Jour précédant le mercredi des Cendres Mardi Gras
73%
Fromage au lait de vache cru, de forme carrée et très odorant originaire du nord de la France Le maroilles
66%
Ville où se situe un festival "du rire" chaque année Marrakech
66%
La plus grande rivière française La Marne
63%
Prénom de l'auteur du roman Du côté de chez Swann Marcel
55%
Elle "met le chocolat dans le papier d'alu" d'après la réplique d'une célèbre publicité de 1998 pour le chocolat Milka La marmotte
53%
Ancien empereur romain qui a régné de 161 à 180 Marc Aurèle
26%
Film de Science Fiction parodique réalisé par Tim Burton Mars Attacks !
25%
Bataille de Napoléon face à l'armée autrichienne qui se déroula le 14 juin 1800 Bataille de Marengo
16%
Aucun quiz correspondant
Distribution des résultats
% des personnes avec chaque résultat
Percentile par nombre de réponses
Votre historique - résultats
Vous n’avez pas pris ce quiz depuis la dernière actualisation